Najwięksi producenci bursztynu na świecie - Statystyki

Ogólne statystyki
  • Ten quiz został rozwiązany 69 razy
  • Średni wynik to 9 z 15
Statystyki odpowiedzi
Produkcja w % Kraj % Poprawnych
67,87 % Polska
98%
4,87 % Rosja
95%
1,76 % Litwa
92%
3,12 % Chiny
85%
13,64 % Stany Zjednoczone
84%
7,21 % Szwecja
80%
1,12 % Finlandia
75%
0,12 % Japonia
70%
0,88 % Ukraina
59%
1,56 % Brazylia
54%
2,79 % RPA
34%
3,45 % Rumunia
33%
0,34 % Mozambik
15%
0,43 % Urugwaj
10%
0,32 % Kongo
8%
Nie znaleziono quizów pasujących do podanych kryteriów
Rozkład punktacji
Procent ludzi z każdym wynikiem
Percentyl według liczby udzielonych odpowiedzi
Twoja historia wyników
Nie rozwiązałeś tego quizu